Libre para la entrega : (Record no. 168958)

MARC details
000 -LEADER
campo de control de longitud fija 00751nam a22002175i 4500
001 - NÚMERO DE CONTROL
campo de control 168958
003 - IDENTIFICADOR DE NÚMERO DE CONTROL
campo de control ES-MaACL
005 - FECHA Y HORA DE LA ÚLTIMA TRANSACCIÓN
campo de control 20250625165411.0
008 - DATOS DE LONGITUD FIJA--INFORMACIÓN GENERAL
campo de control de longitud fija 080707q2000 sp |||| | spa d
080 ## - NÚMERO DE LA CLASIFICACIÓN DECIMAL UNIVERSAL
Número de la Clasificación Decimal Universal 929 Molina, Mercedes
245 00 - MENCIÓN DEL TÍTULO
Título Libre para la entrega :
Resto del título Mercedes Molina /
Mención de responsabilidad, etc. [guión, Victòria Molins ; ilustraciones, Letícia Ruíz].
260 ## - PUBLICACIÓN, DISTRIBUCIÓN, ETC.
Lugar de publicación, distribución, etc. Barcelona :
Nombre del editor, distribuidor, etc. Claret,
Fecha de publicación, distribución, etc. [ca. 2000]
300 ## - DESCRIPCIÓN FÍSICA
Extensión 31 p. :
Otras características físicas il. ;
Dimensiones 21 cm.
500 ## - NOTA GENERAL
Nota general 25 años de las Marianitas en España.
600 17 - PUNTO DE ACCESO ADICIONAL DE MATERIA--NOMBRE DE PERSONA
Nombre de persona Molina, Mercedes,
Fechas asociadas al nombre 1828-1883
Fuente del encabezamiento o término
9 (RLIN) 138076
700 1# - ENTRADA AGREGADA--NOMBRE PERSONAL
Nombre de persona Molins, Victòria.
9 (RLIN) 138078
700 1# - ENTRADA AGREGADA--NOMBRE PERSONAL
Nombre de persona Ruíz, Letícia.
9 (RLIN) 138079
710 2# - ENTRADA AGREGADA--NOMBRE DE ENTIDAD CORPORATIVA
Nombre de entidad corporativa o nombre de jurisdicción como elemento de entrada Instituto Santa Mariana de Jesús.
9 (RLIN) 138080
852 4# - LOCALIZACIÓN
Ubicación ES-MaACL
Número de control de estantería 2241-F-21
Holdings
Estatus retirado Estado de pérdida Estado de daño No para préstamo Colección Biblioteca de origen Biblioteca actual Ubicación en estantería Fecha de adquisición Fuente de adquisición Total de préstamos Signatura topográfica completa Código de barras Visto por última vez Precio de reemplazo Tipo de ítem Koha
        Colección de folletos Biblioteca del Ateneo de Madrid Biblioteca del Ateneo de Madrid Depósito folletos 07/07/2008     2241-F-21 1177328 23/02/2023 23/02/2023 Folleto